000 00273nam a22000977a 4500
008 240405b |||||||| |||| 00| 0 eng d
020 _a9781472389794
100 _aParragon
_96945
245 _aThe Great Book of Everything
260 _aNew Delhi
_bParragon Publishing India
_c2016
999 _c12565
_d12565